Statistics for Washington Wizards 2017-18 Most Games Leading Team in Scoring

Click here to take the quiz!

General Stats

  • This quiz has been taken 18 times
  • The average score is 6 of 8

Answer Stats

Player Games % Correct
John Wall13
100%
Bradley Beal50
100%
Kelly Oubre3
85%
Otto Porter Jr.12
77%
Markieff Morris3
69%
Tomas Satoransky1
62%
Mike Scott1
46%
Jodie Meeks2
23%

Score Distribution

Percentile by Number Answered

Percent of People with Each Score

Your Score History

You have not taken this quiz